Lord Rutland et Shakespeare (Record no. 55254)

MARC details
000 -LEADER
campo de control de longitud fija 00607nam a2200181 i 4500
001 - NÚMERO DE CONTROL
campo de control 55254
003 - IDENTIFICADOR DE NÚMERO DE CONTROL
campo de control ES-MaACL
005 - FECHA Y HORA DE LA ÚLTIMA TRANSACCIÓN
campo de control 20250716062525.0
007 - CAMPO FIJO DE DESCRIPCIÓN FÍSICA--INFORMACIÓN GENERAL
campo de control de longitud fija t|
008 - DATOS DE LONGITUD FIJA--INFORMACIÓN GENERAL
campo de control de longitud fija 030916s1913 fr ||||1| fre d
100 1# - ENTRADA PRINCIPAL--NOMBRE DE PERSONA
Nombre de persona Demblon, Celestin.
9 (RLIN) 43630
245 10 - MENCIÓN DEL TÍTULO
Título Lord Rutland et Shakespeare
Resto del título : le plus grand des mystères dévoilé : Shaxper de Stratford hors cause /
Mención de responsabilidad, etc. Célestin Demblon.
260 ## - PUBLICACIÓN, DISTRIBUCIÓN, ETC.
Lugar de publicación, distribución, etc. Paris :
Nombre del editor, distribuidor, etc. P. Ferdinando,
Fecha de publicación, distribución, etc. 1913 (
Lugar de fabricación/manufactura Tours :
Fabricante E. Arrault)
300 ## - DESCRIPCIÓN FÍSICA
Extensión VIII, 560 p. ;
Dimensiones 19 cm.
600 14 - PUNTO DE ACCESO ADICIONAL DE MATERIA--NOMBRE DE PERSONA
Nombre de persona Shakespeare, William,
Fechas asociadas al nombre 1564-1616
9 (RLIN) 105992
852 ## - LOCALIZACIÓN
Ubicación ES-MaACL
Número de control de estantería F-8157
Holdings
Estatus retirado Estado de pérdida Estado de daño No para préstamo Biblioteca de origen Biblioteca actual Ubicación en estantería Fecha de adquisición Fuente de adquisición Total de préstamos Signatura topográfica completa Código de barras Visto por última vez Precio de reemplazo Tipo de ítem Koha
        Biblioteca del Ateneo de Madrid Biblioteca del Ateneo de Madrid Sala Pecera Planta 2 17/01/2008     F-8157 1058055 23/02/2023 23/02/2023 Libro impreso